000 00377 a2200181 4500
245 _aGuide pratique de la médecine d'urgence
100 _aVirenque, C.
260 _c1985
300 _a194 p.
035 _a3061
035 _a3058
035 _a3059
035 _a3057
035 _a3060
999 _c17531
_d17531